A 2008-as gazdasági világválság hatása a mai hazai motorkerékpár piacra a Suzuki példáján bemutatva

Bibliográfiai részletek
Szerző: Fleischer Jefte
További közreműködők: Harsányi Dr. Dávid
Dokumentumtípus: Diplomadolgozat
Kulcsszavak:Világválság
Kereskedelem
Motorkerékpár
Online Access:http://dolgozattar.uni-bge.hu/13894

MARC

LEADER 00000nta a2200000 i 4500
001 dolg13894
005 20180301111219.0
008 171211suuuu hu om 000 hun d
040 |a BGE Dolgozattár Repozitórium  |b hun 
041 |a hu 
100 1 |a Fleischer Jefte 
245 1 2 |a A 2008-as gazdasági világválság hatása a mai hazai motorkerékpár piacra a Suzuki példáján bemutatva  |c Fleischer Jefte  |h [elektronikus dokumentum] 
246 1 1 |a A 2008-AS GAZDASÁGI VILÁGVÁLSÁG HATÁSA A MAI HAZAI MOTORKERÉKPÁR PIACRA A SUZUKI PÉLDÁJÁN BEMUTATVA 
695 |a Világválság  
695 |a Kereskedelem 
695 |a Motorkerékpár  
700 1 |a Harsányi Dr. Dávid  |e ths 
856 4 0 |u http://dolgozattar.uni-bge.hu/13894/1/Fleischer_Jefte_APX04S_SZAKDOLGOZAT_MARKETING_MESTER.pdf  |z Dokumentum-elérés